Churchill/Ford/Walker's sales force management / (Record no. 19010)

MARC details
000 -LEADER
fixed length control field 01131nam a2200313 a 4500
005 - DATE AND TIME OF LATEST TRANSACTION
control field 20080530172718.0
008 - FIXED-LENGTH DATA ELEMENTS--GENERAL INFORMATION
fixed length control field 080118s2009 maua b 001 0 eng
010 ## - LCCN (DPL NO)
LC control number ENG-91778
020 ## - INTERNATIONAL STANDARD BOOK NUMBER
International Standard Book Number 9780070080553
Terms of availability 425.00
020 ## - INTERNATIONAL STANDARD BOOK NUMBER
International Standard Book Number 0070080550
Terms of availability 425.00
035 ## - SYSTEM CONTROL NUMBER
System control number EN-75311
037 ## - SOURCE OF ACQUISITION
Source of stock number/acquisition DBAD / PUB
040 ## - CATALOGING SOURCE
Original cataloging agency dpl
Language of cataloging English
082 ## - DEWEY DECIMAL CLASSIFICATION NUMBER
Classification number 658.8101
100 ## - MAIN ENTRY--PERSONAL NAME
Personal name Johnston, Mark W.
245 ## - TITLE STATEMENT
Title Churchill/Ford/Walker's sales force management /
Statement of responsibility, etc by Mark W. Johnston [and] Greg W. Marshall.
250 ## - EDITION STATEMENT
Edition statement 9th ed.
260 ## - PUBLICATION, DISTRIBUTION, ETC. (IMPRINT)
Place of publication, distribution, etc New Delhi
Name of publisher, distributor, etc Tata McGraw-Hill Publishing
Date of publication, distribution, etc 2009.
270 ## - ADDRESS
Address 7 West Patel Nagar
City New Delhi
Postal code 110008
300 ## - PHYSICAL DESCRIPTION
Extent xxiv, 537 p. :
Other physical details ill.; charts ;
Dimensions 26 cm (pbk)
500 ## - GENERAL NOTE
General note Includes index
650 ## - SUBJECT ADDED ENTRY--TOPICAL TERM
Topical term or geographic name as entry element Sales management.
700 ## - ADDED ENTRY--PERSONAL NAME
Personal name Churchill, Gilbert A.
700 ## - ADDED ENTRY--PERSONAL NAME
Personal name Ford, Neil M.
700 ## - ADDED ENTRY--PERSONAL NAME
Personal name Walker, Orville C.
700 ## - ADDED ENTRY--PERSONAL NAME
Personal name Marshall, Greg W.
942 ## - ADDED ENTRY ELEMENTS (KOHA)
Source of classification or shelving scheme Dewey Decimal Classification
Item type English Books
Classification part 658.8101
Call number suffix JOH
Holdings
Withdrawn status Lost status Source of classification or shelving scheme Damaged status Not for loan Collection code Home library Current library Date acquired Source of acquisition Cost, normal purchase price Total Checkouts Full call number Barcode Date last seen Copy number Cost, replacement price Koha item type
    Dewey Decimal Classification   Not For Loan Non-fiction D.B.Act.Division D.B.Act.Division 24/11/2008 DBAD / PUB 425.00   658.8101 JOH EN-75311 24/11/2008 1 425.00 English Books

© Delhi Public Library
Hit Counter
free hit counter